000 00396nam a22001697a 4500
005 20160627160717.0
008 160627b xxu||||| |||| 00| 0 eng d
020 _a81-203-1144-2
041 _aeng
082 _b10669
100 _aFrench, Wendell L-and others
_92728
245 _aOrganization Development
260 _bPHI
_c1998
300 _a358
650 _aManagement
_9241
942 _cBK
999 _c4319
_d4318